Vývojové tendence v poptávce po potravinách v domácnostech zemědělců
Zmeny v štruktúre dopytu po potravinách v domácnostiach poľnohospodárov na základe štatistiky rodinných účtov. V r. 1989-1993 - výrazné zmeny v spotrebe potravín. Samozásobovanie vidieckeho obyvateľstva.
Salvato in:
| Autore principale: | |
|---|---|
| Natura: | Capitolo di libro |
| Lingua: | ceco |
| Soggetti: | |
| Tags: |
Nessun Tag, puoi essere il primo ad aggiungerne!!
|
MARC
| LEADER | 00000naa a2200000 4500 | ||
|---|---|---|---|
| 001 | r023346 | ||
| 005 | 20230922110128.3 | ||
| 041 | 0 | |a cze | |
| 044 | |a CZ | ||
| 245 | 1 | 0 | |a Vývojové tendence v poptávce po potravinách v domácnostech zemědělců |c D. Žídková |
| 520 | |a Zmeny v štruktúre dopytu po potravinách v domácnostiach poľnohospodárov na základe štatistiky rodinných účtov. V r. 1989-1993 - výrazné zmeny v spotrebe potravín. Samozásobovanie vidieckeho obyvateľstva. | ||
| 610 | 2 | 0 | |a poľnohospodárstvo |
| 610 | 2 | 0 | |a potraviny |
| 610 | 2 | 0 | |a dopyt |
| 610 | 2 | 0 | |a spotreba potravín |
| 610 | 2 | 0 | |a roľníci |
| 610 | 2 | 0 | |a domácnosti |
| 610 | 2 | 0 | |a účty rodinné |
| 610 | 2 | 0 | |a ceny |
| 610 | 2 | 0 | |a metodika |
| 100 | 1 | |a Žídková, D. | |